|
|
|
|
| LEADER |
00000nam0a2200000 4500 |
| 001 |
247150 |
| 005 |
20231031212003.0 |
| 010 |
|
|
|b 3150 кз.
|
| 035 |
|
|
|a (RuTPU)RU\TPU\book\268623
|
| 090 |
|
|
|a 247150
|
| 100 |
|
|
|a 20131217d1934 m y0rusy50 ca
|
| 101 |
0 |
|
|a rus
|
| 102 |
|
|
|a RU
|
| 105 |
|
|
|a a z 001zy
|
| 200 |
1 |
|
|a Ископаемые угли (образование, свойства и промышленное использование)
|f И. И. Аммосов
|
| 210 |
|
|
|a Новосибирск
|c Государственное научно-техническое горно-геолого-нефтяное издательство
|d 1934
|a Москва
|a Ленинград
|a Грозный
|
| 215 |
|
|
|a 50 с.
|c ил.
|
| 316 |
|
|
|5 63413507: 180736
|a С автографом автора
|
| 317 |
|
|
|5 63413507: 180736
|a Поступила в НТБ в 1940 г. в составе книжной коллекции академика М. А. Усова
|
| 320 |
|
|
|a Библиогр.: с. 49.
|
| 610 |
1 |
|
|a углеобразование
|
| 610 |
1 |
|
|a свойства
|
| 610 |
1 |
|
|a промышленное использование
|
| 610 |
1 |
|
|a библиотека М. А. Усова
|
| 675 |
|
|
|a 662.66
|v 3
|
| 700 |
|
1 |
|a Аммосов
|b И. И.
|
| 801 |
|
1 |
|a RU
|b 63413507
|c 20131217
|
| 801 |
|
2 |
|a RU
|b 63413507
|c 20131217
|g RCR
|
| 942 |
|
|
|c BK
|